000
00254nmm a2200097Ia 4500
008
220120s9999||||xx |||||||||||||||||und||
082
_a
621.381 KAS
100
_a
Kasap, S.O
_9
3031
245
0
_a
Principles of electronicscircuits and devices
260
_c
2002
999
_c
138849
_d
138849